Sports Quiz

Random Sports or NBA Quiz
Score 0/15 Timer 05:00
0 Plays Today
Position Player % Correct
PGJason Kidd
96.2%
CBrook Lopez
87.7%
SGVince Carter
86.3%
SFJulius Erving
85.4%
PFBuck Williams
84%
SFRichard Jefferson
69.3%
PGD'Angelo Russell
60.8%
PFKenyon Martin
59.9%
Position Player % Correct
SGDrazen Petrovic
54.2%
CDerrick Coleman
49.5%
SGDevin Harris
41.5%
PGKenny Anderson
34.4%
SFKendall Gill
18.4%
SFKeith Van Horn
16%
SGOtis Birdsong
9.4%
Remove Ads.
Support Sporcle.
Get the best of Sporcle when you Go Orange. This ad-free experience offers more features, more stats, and more fun while also helping to support Sporcle. Thank you for becoming a member.

You're not logged in!

Compare scores with friends on all Sporcle quizzes.
OR
Log In

Show Comments

Extras

Created Oct 2, 2019ReportNominate
Tags:NBA Quiz

Top Quizzes Today


Score Distribution

Your Account Isn't Verified!

In order to create a playlist on Sporcle, you need to verify the email address you used during registration. Go to your Sporcle Settings to finish the process.

Report this User

Report this user for behavior that violates our Community Guidelines.

Details: